<?xml version="1.0" encoding="UTF-8"?>
<record
    xmlns:xsi="http://www.w3.org/2001/XMLSchema-instance"
    xsi:schemaLocation="http://www.loc.gov/MARC21/slim http://www.loc.gov/standards/marcxml/schema/MARC21slim.xsd"
    xmlns="http://www.loc.gov/MARC21/slim">

  <leader>01870nam a2200325 a 4500</leader>
  <controlfield tag="001">00008875</controlfield>
  <controlfield tag="003">DO-SdBPM</controlfield>
  <controlfield tag="005">20251014100554.0</controlfield>
  <controlfield tag="007">ta</controlfield>
  <controlfield tag="008">150108s2010  dr      000   spa d</controlfield>
  <datafield tag="040" ind1=" " ind2=" ">
    <subfield code="a">DO-SdBPM</subfield>
    <subfield code="b">spa</subfield>
    <subfield code="c">BPMSU</subfield>
    <subfield code="e">rda</subfield>
  </datafield>
  <datafield tag="082" ind1=" " ind2="4">
    <subfield code="a">658.4092 </subfield>
    <subfield code="b">C977s </subfield>
    <subfield code="2">22</subfield>
  </datafield>
  <datafield tag="245" ind1="0" ind2="0">
    <subfield code="a">Curso sobre liderazgo y gerencia pol&#xED;tica : </subfield>
    <subfield code="b">programa acad&#xE9;mico /</subfield>
    <subfield code="c">Coordinador Wilfredo Lozano </subfield>
  </datafield>
  <datafield tag="264" ind1=" " ind2=" ">
    <subfield code="a">Santo Domingo :</subfield>
    <subfield code="b">Programa de Formacion y Gerencia Politica (PFGP) ;</subfield>
    <subfield code="b">Agencia de los Estados Unidos para el Desarrollo Internacional (USAID),  </subfield>
    <subfield code="c">2010</subfield>
  </datafield>
  <datafield tag="300" ind1=" " ind2=" ">
    <subfield code="a">49 p&#xE1;ginas</subfield>
    <subfield code="b">ilustraci&#xF3;n, retrato</subfield>
    <subfield code="c">25 cm.</subfield>
  </datafield>
  <datafield tag="336" ind1=" " ind2=" ">
    <subfield code="a">texto</subfield>
    <subfield code="b">txt</subfield>
    <subfield code="2">rdacontent</subfield>
  </datafield>
  <datafield tag="337" ind1=" " ind2=" ">
    <subfield code="a">sin mediaci&#xF3;n </subfield>
    <subfield code="b">n</subfield>
    <subfield code="2">rdamedia </subfield>
  </datafield>
  <datafield tag="338" ind1=" " ind2=" ">
    <subfield code="a">volumen </subfield>
    <subfield code="b">nc</subfield>
    <subfield code="2">rdacarrier</subfield>
  </datafield>
  <datafield tag="505" ind1="0" ind2=" ">
    <subfield code="a">Presentaci&#xF3;n 5-- Por qu&#xE9; el programa 7-- Curso regular de formaci&#xF3;n, liderazgo y gerencia pol&#xED;tica 11 -- Desarrollo modular 21 --Actividades complementarias y di&#xE1;logos interpartidarios 39 -- Gesti&#xF3;n del programa 45</subfield>
  </datafield>
  <datafield tag="520" ind1=" " ind2=" ">
    <subfield code="a">Este programa apoya procesos de democratizaci&#xF3;n en los partidos pol&#xED;ticos, formando a sus j&#xF3;venes l&#xED;deres entre los 18 y 45 a&#xF1;os de edad. Su actividad central son los cursos de formaci&#xF3;n sobre liderazgo y gerencia pol&#xED;tica, que pretenden contribuir tanto a modernizar el sistema pol&#xED;tico como a una mejor y m&#xE1;s cercana relaci&#xF3;n entre el sistema de partidos y la sociedad civil, afirmando as&#xED; un nuevo y jooven liderazgo democr&#xE1;tico en el pa&#xED;s.</subfield>
  </datafield>
  <datafield tag="590" ind1=" " ind2=" ">
    <subfield code="a">Inventariado, 2025/VM</subfield>
  </datafield>
  <datafield tag="650" ind1=" " ind2="7">
    <subfield code="a">Ense&#xF1;anza sobre liderazgo</subfield>
    <subfield code="v"> </subfield>
    <subfield code="2"> </subfield>
  </datafield>
  <datafield tag="650" ind1=" " ind2="7">
    <subfield code="a">Teor&#xED;a pol&#xED;tica </subfield>
    <subfield code="v">Ense&#xF1;anza</subfield>
  </datafield>
  <datafield tag="650" ind1=" " ind2="7">
    <subfield code="a">Sociedad civil </subfield>
    <subfield code="v">Programas</subfield>
  </datafield>
  <datafield tag="650" ind1=" " ind2="7">
    <subfield code="a">Participaci&#xF3;n pol&#xED;tica </subfield>
    <subfield code="z">Rep&#xFA;blica Dominicana</subfield>
    <subfield code="x"> </subfield>
  </datafield>
  <datafield tag="700" ind1="1" ind2=" ">
    <subfield code="a"> Lozano, Wilfredo</subfield>
    <subfield code="e">coordinador </subfield>
  </datafield>
  <datafield tag="710" ind1="2" ind2=" ">
    <subfield code="a">Programa de Formaci&#xF3;n y Gerencia Pol&#xED;tica </subfield>
  </datafield>
  <datafield tag="910" ind1=" " ind2=" ">
    <subfield code="a">VMateo V. Control de calidad. BPMSU </subfield>
  </datafield>
  <datafield tag="942" ind1=" " ind2=" ">
    <subfield code="2">ddc</subfield>
    <subfield code="c">BK</subfield>
  </datafield>
  <datafield tag="952" ind1=" " ind2=" ">
    <subfield code="0">0</subfield>
    <subfield code="1">0</subfield>
    <subfield code="2">ddc</subfield>
    <subfield code="7">0</subfield>
    <subfield code="8">CD</subfield>
    <subfield code="a">BPMET</subfield>
    <subfield code="b">BPMET</subfield>
    <subfield code="d">2015-02-12</subfield>
    <subfield code="l">0</subfield>
    <subfield code="o">BPMSU CD 658.4092  C977s 2010</subfield>
    <subfield code="p">BPMSU15041175</subfield>
    <subfield code="r">2015-02-12</subfield>
    <subfield code="t"> </subfield>
    <subfield code="w">2015-02-12</subfield>
    <subfield code="y">BK</subfield>
  </datafield>
  <datafield tag="999" ind1=" " ind2=" ">
    <subfield code="c">7378</subfield>
    <subfield code="d">7378</subfield>
  </datafield>
</record>
